LEADER 01023nam a22002531i 4500 001 991000815209707536 005 20040203100143.0 008 040220s1988 it a||||||||||||||||ita 035 $ab12674515-39ule_inst 035 $aARCHE-067285$9ExL 040 $aDip.to Scienze pedagogiche$bita$cA.t.i. Arché s.c.r.l. Pandora Sicilia s.r.l. 082 04$a305.8510 100 1 $aMartinelli, Franco$d<1933- >$0298405 245 10$aSan Paolo: gli italiani :$bintegrazione sociale e diffusione culturale /$cFranco Martinelli 260 $aRoma :$bBulzoni,$c[1988] 300 $a205 p., [8] c. di tav. :$bill. ;$c21 cm 440 0$aSocietà e territorio ;$v8 650 4$aImmigrati italiani$xSan Paolo 907 $a.b12674515$b02-04-14$c17-03-04 912 $a991000815209707536 945 $aLE022 MPs-S 122 C 17$g1$i2022000182287$lle022$o-$pE0.00$q-$rl$s- $t0$u0$v0$w0$x0$y.i13183941$z17-03-04 996 $aSan Paolo: gli italiani$9273322 997 $aUNISALENTO 998 $ale022$b17-03-04$cm$da $e-$fita$git $h0$i1